000 00634nmc a2200253 a 4500
003 AR-BaBNM
005 20251128211524.0
008 014120s1999 ||||||||||||||000 | spa||
020 _a84-01-59037-X
040 _cAR-BaBNM
100 1 _aVázquez Montalbán, Manuel
245 1 0 _aPraga
250 _a1ª ed.
260 _aBarcelona
_bPlaza & Janés Editores
_c1999
300 _a69 p.
_bláms.
490 0 _aColección Poesía
_vv. 36
650 4 _aLITERATURA ESPANOLA
650 4 _aLITERATURA CONTEMPORANEA
650 4 _aPOESIA
655 _aLITERATURA
800 1 _aMoix, Ana María
942 _cBK
998 _cmartin
999 _c20016
_d20016